太阳系35大天体图 Largest Objects in the Solar System - Statistics

General Stats
  • This quiz has been taken 355 times
  • The average score is 23 of 35
Answers on the Map
Answers color-coded by a green-red scale on the quiz's map according to % correct below.
 
Answer Stats
平均半径 英文 天体 % Correct
69911 Jupiter 木星
100%
6052 Venus 金星
100%
3390 Mars 火星
100%
6371 Earth 地球
99%
2439 Mercury 水星
99%
1738 Moon 月球
99%
58232 Saturn 土星
98%
25362 Uranus 天王星
96%
24622 Neptune 海王星
96%
695508 Sun 太阳
94%
1188 Pluto 冥王星
92%
1822 Io 木卫一
89%
1561 Europa 木卫二
89%
2634 Ganymede 木卫三
88%
2410 Callisto 木卫四
87%
2575 Titan 土卫六
79%
533 Tethys 土卫三
75%
562 Dione 土卫四
71%
764 Rhea 土卫五
69%
1353 Triton 海卫一
67%
579 Ariel 天卫一
65%
470 Ceres 谷神星
62%
789 Titania 天卫三
60%
585 Umbriel 天卫二
60%
761 Oberon 天卫四
58%
736 Iapetus 土卫八
58%
606 Charon 冥卫一
39%
1163 Eris 阋神星
29%
715 Makemake 鸟神星
29%
780(椭球) Haumea 妊神星
23%
~615 Gonggong 共工星
16%
~498 Sedna 塞德娜
16%
543 Quaoar 创神星
7%
~455 Orcus 亡神星
6%
~423 Salacia 潫(wān)神星
3%
No matching quizzes found
Score Distribution
Percent of People with Each Score
Percentile by Number Answered
Your Score History
You have not taken this quiz